000 00740nam a22002177a 4500
003 OSt
005 20251023065203.0
008 251001b |||||||| |||| 00| 0 eng d
020 _a978-0-470-08376-5.
040 _aDWCL-Main lib
_cOC
082 _aCirc. 343.73 B284h 2009
100 _aBarth, Stephen
245 _aHospitality law :
_bmanaging legal issues in the hospitality industry
260 _aN. J. :
_bJohn Wiley & Sons, Inc.,
_cc2009.
300 _axvi, 462 pages :
_billustration ;
_c29 cm.
504 _aIncludes index.
650 _21. Hospitality industry-Law and legislation-United States.
650 _22. Hotels-Law and legislation-United States.
700 _aHayes, David K.
942 _2ddc
_cBK-CIRC
_e3rd ed.
_kCirc.
_n0
999 _c4598
_d4598